[Event "Barcelona Sant Marti op-A 23rd"]
[Site "Barcelona"]
[Date "2023.07.13"]
[Round "1"]
[White "Valenzuela Gomez, Fernando Alberto"]
[Black "Comellas Blanchart, Jordi"]
[Result "1-0"]
[WhiteElo "2403"]
[BlackElo "1986"]
[PlyCount "45"]
[EventDate "2023.07.13"]
[EventType "swiss"]
[EventRounds "9"]
[EventCountry "ESP"]
[SourceTitle "CBM 215 Extra"]
[Source "ChessBase"]
[SourceDate "2023.09.30"]
[SourceVersion "1"]
[SourceVersionDate "2023.09.30"]
[SourceQuality "1"]

1. e4 c6 2. d4 d5 3. e5 c5 4. dxc5 e6 5. c3 Bxc5 6. Qg4 g6 7. Nf3 Qb6 8. Qg3 Bd7 9. h4 h5 10. b4 Bf8 11. a4 Nc6 12. Bd3 Nge7 13. Be3 Qc7 14. Na3 a6 15. 0-0 Bg7 16. Bf4 Rc8 17. b5 Nb8 18. c4 Kf8 19. Rfc1 Qa5 20. Bd2 Qb6 21. Bb4 dxc4 22. Nxc4 Qd8 23. Ba5 1-0

[Event "Barbera del Valles op 45th"]
[Site "Barbera del Valles"]
[Date "2023.07.12"]
[Round "9"]
[White "Dahale, Atul"]
[Black "Comellas Blanchart, Jordi"]
[Result "1-0"]
[WhiteElo "2150"]
[BlackElo "1986"]
[PlyCount "55"]
[EventDate "2023.07.04"]
[EventType "swiss"]
[EventRounds "9"]
[EventCountry "ESP"]
[SourceTitle "CBM 215 Extra"]
[Source "ChessBase"]
[SourceDate "2023.09.30"]
[SourceVersion "1"]
[SourceVersionDate "2023.09.30"]
[SourceQuality "1"]

1. d4 d5 2. c4 e6 3. Nc3 Nf6 4. cxd5 exd5 5. Bg5 c6 6. e3 h6 7. Bf4 Bd6 8. Bg3 Bxg3 9. hxg3 0-0 10. Bd3 Re8 11. Qc2 Ne4 12. Nxe4 dxe4 13. Bxe4 Qa5+ 14. Kf1 Na6 15. Bd3 Nb4 16. Qd2 b6 17. Be2 c5 18. a3 Bf5 19. dxc5 Nc2 20. Qxa5 bxa5 21. Rc1 Rab8 22. Rh5 Bg6 23. Rd5 Be4 24. Rd6 Rec8 25. c6 Rxb2 26. Bf3 Bg6 27. Ne2 Kh7 28. Nf4 1-0

[Event "Barbera del Valles op 45th"]
[Site "Barbera del Valles"]
[Date "2023.07.05"]
[Round "2"]
[White "Comellas Blanchart, Jordi"]
[Black "Sanchez Aguilar, Arnau"]
[Result "1-0"]
[WhiteElo "1986"]
[BlackElo "2137"]
[PlyCount "77"]
[EventDate "2023.07.04"]
[EventType "swiss"]
[EventRounds "9"]
[EventCountry "ESP"]
[SourceTitle "CBM 215 Extra"]
[Source "ChessBase"]
[SourceDate "2023.09.30"]
[SourceVersion "1"]
[SourceVersionDate "2023.09.30"]
[SourceQuality "1"]

1. d4 d5 2. c4 e6 3. Nf3 Nf6 4. g3 dxc4 5. Bg2 c5 6. 0-0 Nc6 7. dxc5 Bxc5 8. Nbd2 c3 9. bxc3 0-0 10. Nb3 Bb6 11. Nfd4 Ne5 12. Ba3 Re8 13. Nb5 Nc4 14. Qxd8 Bxd8 15. Bc5 Nd5 16. e4 Ndb6 17. Rfd1 e5 18. Nd6 Nxd6 19. Bxd6 Nc4 20. Bb4 a5 21. Bc5 b6 22. Bf1 Nb2 23. Rd2 Na4 24. Bb5 Nxc5 25. Bxe8 Be7 26. Nxc5 bxc5 27. Rb1 Be6 28. Bc6 Rc8 29. Bd5 Bh3 30. c4 Kf8 31. Rdb2 Ke8 32. Rb8 f6 33. Rxc8+ Bxc8 34. Rb8 Kd7 35. Bb7 Kc7 36. Rxc8+ Kxb7 37. Rg8 Ka6 38. Rxg7 Bd8 39. a4 1-0

[Event "Barbera del Valles op 45th"]
[Site "Barbera del Valles"]
[Date "2023.07.04"]
[Round "1"]
[White "Valle Luis, Leo"]
[Black "Comellas Blanchart, Jordi"]
[Result "1-0"]
[WhiteElo "2342"]
[BlackElo "1986"]
[PlyCount "47"]
[EventDate "2023.07.04"]
[EventType "swiss"]
[EventRounds "9"]
[EventCountry "ESP"]
[SourceTitle "CBM 215 Extra"]
[Source "ChessBase"]
[SourceDate "2023.09.30"]
[SourceVersion "1"]
[SourceVersionDate "2023.09.30"]
[SourceQuality "1"]

1. e4 c6 2. d4 d5 3. e5 c5 4. dxc5 e6 5. a3 Bxc5 6. b4 Be7 7. Qg4 g6 8. Nf3 a5 9. b5 h5 10. Qg3 h4 11. Qg4 Nh6 12. Bxh6 Rxh6 13. Nbd2 Nd7 14. Bd3 Qc7 15. 0-0 Nxe5 16. Nxe5 Qxe5 17. Rae1 Qg5 18. Qe2 b6 19. Nf3 Qh5 20. Qe3 Rb8 21. Ne5 Bc5 22. Qf4 g5 23. Qd2 Kf8 24. Be2 1-0

[Event "Barcelona Segura Memorial 2nd"]
[Site "Barcelona"]
[Date "2022.11.23"]
[Round "8"]
[White "Niubo Calvo, Juan"]
[Black "Comellas Blanchart, Jordi"]
[Result "0-1"]
[WhiteElo "1705"]
[BlackElo "1966"]
[PlyCount "90"]
[EventDate "2022.09.28"]
[EventType "swiss"]
[EventRounds "9"]
[EventCountry "ESP"]
[SourceTitle "EXT 2024"]
[Source "ChessBase"]
[SourceDate "2023.10.10"]
[SourceVersion "1"]
[SourceVersionDate "2023.10.10"]
[SourceQuality "1"]

1. e4 c5 2. Nf3 d6 3. d4 cxd4 4. Nxd4 Nf6 5. Nc3 Nc6 6. h3 e5 7. Nde2 Be6 8. g4 d5 9. g5 Nxe4 10. Nxe4 dxe4 11. Be3 Nb4 12. Nc3 Qxd1+ 13. Kxd1 0-0-0+ 14. Kc1 Kb8 15. Be2 Nd5 16. Nxd5 Bxd5 17. c4 Be6 18. Kc2 Be7 19. h4 b6 20. Rad1 Bc5 21. Bxc5 bxc5 22. a3 Rd4 23. Kc3 Rc8 24. b3 a5 25. a4 Rcd8 26. h5 Rxd1 27. Rxd1 Rxd1 28. Bxd1 f5 29. Kd2 h6 30. gxh6 gxh6 31. Ke3 Kc7 32. f4 exf3 33. Bxf3 Kd6 34. Be2 Ke7 35. Bd1 Kf6 36. Be2 Bd7 37. Bd1 Bc6 38. Bc2 f4+ 39. Kf2 e4 40. Bd1 Ke5 41. Bg4 Kd4 42. Be6 e3+ 43. Ke1 f3 44. Kf1 Be4 45. Ke1 f2+ 0-1

[Event "Barcelona Vila de Grаcia op 16th"]
[Site "Barcelona"]
[Date "2022.11.11"]
[Round "7"]
[White "Alcala Gonzalez, Cesar"]
[Black "Comellas Blanchart, Jordi"]
[Result "1-0"]
[WhiteElo "2279"]
[BlackElo "1966"]
[PlyCount "63"]
[EventDate "2022.09.30"]
[EventType "swiss"]
[EventRounds "9"]
[EventCountry "ESP"]
[SourceTitle "EXT 2024"]
[Source "ChessBase"]
[SourceDate "2023.10.10"]
[SourceVersion "1"]
[SourceVersionDate "2023.10.10"]
[SourceQuality "1"]

1. d4 Nf6 2. c4 g6 3. Nc3 Bg7 4. e4 d6 5. h3 0-0 6. Be3 e5 7. d5 Na6 8. Bd3 Nd7 9. a3 f5 10. b4 Nf6 11. Nf3 c6 12. Rc1 cxd5 13. cxd5 fxe4 14. Nxe4 Bf5 15. Nfg5 Nxe4 16. Bxe4 Nc7 17. 0-0 Bxe4 18. Nxe4 Nb5 19. Qg4 Nd4 20. Bxd4 exd4 21. Qe6+ Kh8 22. Nxd6 Qf6 23. Rc7 h6 24. Qxf6 Bxf6 25. Rd1 b6 26. Nf7+ Kh7 27. Ng5+ Kg8 28. Ne6 Rfc8 29. Rxc8+ Rxc8 30. Nxd4 Rc4 31. Nc6 a5 32. b5 1-0

[Event "Barcelona Segura Memorial 2nd"]
[Site "Barcelona"]
[Date "2022.11.02"]
[Round "5"]
[White "Lacasta Palacio, Joaquim"]
[Black "Comellas Blanchart, Jordi"]
[Result "1-0"]
[WhiteElo "2037"]
[BlackElo "1966"]
[PlyCount "61"]
[EventDate "2022.09.28"]
[EventType "swiss"]
[EventRounds "9"]
[EventCountry "ESP"]
[SourceTitle "EXT 2024"]
[Source "ChessBase"]
[SourceDate "2023.10.10"]
[SourceVersion "1"]
[SourceVersionDate "2023.10.10"]
[SourceQuality "1"]

1. Nf3 Nf6 2. g3 g6 3. Bg2 Bg7 4. 0-0 c5 5. d3 0-0 6. e4 d6 7. Nbd2 Nc6 8. Re1 e5 9. Nc4 h6 10. Ne3 Be6 11. c4 a6 12. a3 b5 13. b3 Rb8 14. Bd2 Kh8 15. Rb1 Ng8 16. b4 Nd4 17. Nxd4 exd4 18. Nd5 Qd7 19. bxc5 dxc5 20. Qc2 Rfc8 21. Bf4 Rb7 22. h4 Ne7 23. Qd2 bxc4 24. dxc4 Nc6 25. Rxb7 Qxb7 26. Bxh6 Ne5 27. h5 Nxc4 28. Bxg7+ Kxg7 29. Qg5 Rh8 30. Qf6+ Kh7 31. hxg6+ 1-0

[Event "Barcelona Vila de Grаcia op 16th"]
[Site "Barcelona"]
[Date "2022.10.21"]
[Round "4"]
[White "Comellas Blanchart, Jordi"]
[Black "Benedetti, Julio"]
[Result "1/2-1/2"]
[WhiteElo "1966"]
[BlackElo "2255"]
[PlyCount "178"]
[EventDate "2022.09.30"]
[EventType "swiss"]
[EventRounds "9"]
[EventCountry "ESP"]
[SourceTitle "EXT 2024"]
[Source "ChessBase"]
[SourceDate "2023.10.10"]
[SourceVersion "1"]
[SourceVersionDate "2023.10.10"]
[SourceQuality "1"]

1. d4 Nf6 2. c4 c5 3. d5 b5 4. cxb5 a6 5. bxa6 g6 6. Nc3 Bxa6 7. e4 Bxf1 8. Kxf1 d6 9. Nf3 Nbd7 10. g3 Bg7 11. Kg2 0-0 12. a4 Qb6 13. Qe2 Qb7 14. Ra3 Rfb8 15. Nb5 Ne8 16. b3 Nc7 17. Nxc7 Qxc7 18. Bb2 Bxb2 19. Qxb2 Rb4 20. Qc2 Qb7 21. Re1 Rc8 22. Re3 Nf6 23. Nd2 Ng4 24. Rc3 Rf8 25. Nc4 f5 26. f3 Nf6 27. exf5 Nxd5 28. Rd3 Rxf5 29. Qe2 Kf7 30. a5 Qa6 31. Rxd5 Rf6 32. Ne5+ dxe5 33. Qxa6 Rxa6 34. Rxc5 Ke6 35. Kf2 Kd6 36. Rc4 Rxc4 37. bxc4 Kc5 38. Ra4 Kd4 39. Ke2 Kc3 40. c5 Kb3 41. Ra1 Kb2 42. Ra4 Kb3 43. Re4 Rxa5 44. Rxe5 e6 45. f4 Ra6 46. Kd3 Kb4 47. Kd4 Kb5 48. c6+ Kb6 49. Rxe6 Ra2 50. c7+ Kxc7 51. Re7+ Kd6 52. Rxh7 Ke6 53. Ke4 Ra3 54. Rh6 Kf6 55. Rh7 Rb3 56. g4 Rb4+ 57. Kf3 Rb3+ 58. Kg2 Ra3 59. Rb7 Ra6 60. Rb5 Rc6 61. g5+ Ke6 62. Re5+ Kf7 63. Kg3 Rc1 64. Re3 Rg1+ 65. Kf3 Rf1+ 66. Ke4 Ke6 67. Rc3 Re1+ 68. Kf3 Rf1+ 69. Kg4 Rg1+ 70. Rg3 Re1 71. Rg2 Rh1 72. h4 Rf1 73. Re2+ Kf7 74. Re3 Rg1+ 75. Rg3 Rh1 76. Ra3 Rg1+ 77. Kf3 Rf1+ 78. Kg3 Rg1+ 79. Kf3 Rf1+ 80. Kg4 Rg1+ 81. Rg3 Rf1 82. Rg2 Rh1 83. h5 Rxh5 84. f5 Rh1 85. f6 Ra1 86. Re2 Rg1+ 87. Kf4 Rf1+ 88. Kg3 Rg1+ 89. Rg2 Ra1 1/2-1/2

[Event "Sitges op 46th"]
[Site "Sitges"]
[Date "2022.07.22"]
[Round "1"]
[White "Kvaloy, Aksel Bu"]
[Black "Comellas Blanchart, Jordi"]
[Result "1-0"]
[WhiteElo "2289"]
[BlackElo "1945"]
[PlyCount "31"]
[EventDate "2022.07.22"]
[EventType "swiss"]
[EventRounds "9"]
[EventCountry "ESP"]
[SourceTitle "CBM 209 Extra"]
[Source "ChessBase"]
[SourceDate "2022.09.30"]
[SourceVersion "1"]
[SourceVersionDate "2022.09.30"]
[SourceQuality "1"]

1. Nf3 Nf6 2. c4 g6 3. b3 Bg7 4. Bb2 0-0 5. g3 c5 6. Bg2 d6 7. d4 d5 8. Nbd2 cxd4 9. Nxd4 Nc6 10. cxd5 Nxd4 11. Bxd4 Nxd5 12. Bxg7 Kxg7 13. Nc4 Nb6 14. Na5 Rb8 15. 0-0 Nd7 16. Qd4+ 1-0

[Event "Barcelona Sant Marti op-A 22nd"]
[Site "Barcelona"]
[Date "2022.07.21"]
[Round "9"]
[White "Wlogalski, Olivier"]
[Black "Comellas Blanchart, Jordi"]
[Result "0-1"]
[WhiteElo "1858"]
[BlackElo "1945"]
[PlyCount "80"]
[EventDate "2022.07.13"]
[EventType "swiss"]
[EventRounds "9"]
[EventCountry "ESP"]
[SourceTitle "CBM 209 Extra"]
[Source "ChessBase"]
[SourceDate "2022.09.30"]
[SourceVersion "1"]
[SourceVersionDate "2022.09.30"]
[SourceQuality "1"]

1. c4 Nf6 2. Nc3 g6 3. Nf3 Bg7 4. g3 0-0 5. Bg2 c5 6. 0-0 Nc6 7. d4 d6 8. d5 Na5 9. Nd2 e6 10. e4 exd5 11. cxd5 Rb8 12. Rb1 Ng4 13. Qc2 Bd7 14. b3 b5 15. h3 b4 16. Ne2 Bb5 17. Nc4 Bxc4 18. bxc4 Ne5 19. f4 Nexc4 20. e5 dxe5 21. fxe5 Bxe5 22. Qa4 Qe8 23. Qc2 Bg7 24. Qd3 Ne5 25. Qd2 Nac4 26. Qc2 a5 27. Nf4 Qb5 28. Rd1 Nd6 29. Bf1 c4 30. Be3 Qd7 31. Qf2 Ne4 32. Qg2 Nc3 33. Rxb4 axb4 34. Rd2 b3 35. axb3 cxb3 36. Kh1 Na4 37. Bd4 Qd6 38. Rf2 Qa3 39. Bxe5 Bxe5 40. Qf3 Qa1 0-1

[Event "Barbera del Valles op 44th"]
[Site "Barbera del Valles"]
[Date "2022.07.11"]
[Round "8.11"]
[White "Comellas Blanchart, Jordi"]
[Black "Hristodoulaki, Antonia"]
[Result "1/2-1/2"]
[WhiteElo "1945"]
[BlackElo "2067"]
[PlyCount "134"]
[EventDate "2022.07.04"]
[EventType "swiss"]
[EventRounds "9"]
[EventCountry "ESP"]
[SourceTitle "EXT 2023"]
[Source "ChessBase"]
[SourceDate "2022.10.05"]
[SourceVersion "1"]
[SourceVersionDate "2022.10.05"]
[SourceQuality "1"]

1. d4 Nf6 2. c4 e6 3. Nf3 Bb4+ 4. Bd2 Qe7 5. e3 0-0 6. Bd3 Bxd2+ 7. Qxd2 d6 8. Nc3 e5 9. Bc2 exd4 10. Nxd4 Na6 11. 0-0 Ng4 12. Rae1 Qh4 13. h3 Ne5 14. b3 f5 15. f4 Ng6 16. e4 fxe4 17. f5 e3 18. Rxe3 Ne5 19. Re4 Qd8 20. Ref4 Qg5 21. Ne4 Qh6 22. Qf2 Nc5 23. Nxc5 dxc5 24. Nb5 Qb6 25. Nc3 c6 26. Ne4 Qd8 27. Nxc5 Rf7 28. Ne6 Qf6 29. Qe3 Bd7 30. Nc5 Re8 31. Ne4 Qh6 32. Qg3 c5 33. f6 Ng6 34. R4f2 b6 35. Nd6 Re3 36. Nxf7 Rxg3 37. Nxh6+ gxh6 38. f7+ Kf8 39. Bxg6 hxg6 40. Rd1 Bf5 41. Kh2 Rd3 42. Rxd3 Bxd3 43. Rf6 Bb1 44. Rf2 g5 45. Kg3 Bg6 46. Rd2 Bb1 47. Rd8+ Kxf7 48. Ra8 a5 49. Rb8 Bxa2 50. Rxb6 Ke7 51. Kf2 Kd7 52. Ke3 h5 53. Kd3 Bb1+ 54. Kc3 h4 55. Rf6 Be4 56. Rf2 Ke6 57. Kd2 Bc6 58. Kc3 Ke5 59. Ra2 Kf4 60. Rxa5 Bxg2 61. Rxc5 Bxh3 62. Kd2 Bf5 63. Ke2 h3 64. Kf2 Be4 65. Kg1 g4 66. Kh2 Bf5 67. Rxf5+ Kxf5 1/2-1/2

[Event "Barbera del Valles op 44th"]
[Site "Barbera del Valles"]
[Date "2022.07.09"]
[Round "6"]
[White "Comellas Blanchart, Jordi"]
[Black "Jul Perez, Alberto"]
[Result "1-0"]
[WhiteElo "1945"]
[BlackElo "2095"]
[PlyCount "101"]
[EventDate "2022.07.04"]
[EventType "swiss"]
[EventRounds "9"]
[EventCountry "ESP"]
[SourceTitle "EXT 2023"]
[Source "ChessBase"]
[SourceDate "2022.10.05"]
[SourceVersion "1"]
[SourceVersionDate "2022.10.05"]
[SourceQuality "1"]

1. d4 d5 2. c4 c6 3. Nc3 Nf6 4. e3 e6 5. Nf3 Nbd7 6. Be2 dxc4 7. a4 Bb4 8. Bxc4 0-0 9. 0-0 c5 10. Qe2 Qe7 11. Rd1 cxd4 12. exd4 Nb6 13. Bd3 h6 14. Ne4 Nbd5 15. Ne5 Re8 16. Be3 Nxe4 17. Bxe4 Nxe3 18. Qxe3 f6 19. Ng6 Qd6 20. Qf3 Rb8 21. Nf4 f5 22. Bc2 b6 23. Bb3 Kh7 24. d5 e5 25. Ne6 g6 26. g4 e4 27. Qh3 f4 28. Rac1 Re7 29. g5 h5 30. Nf8+ Kg7 31. Rxc8 Rxc8 32. Qxc8 e3 33. Ne6+ Kh7 34. Qc2 Qe5 35. Kf1 f3 36. fxe3 Qxe3 37. Qd3 Qe5 38. Kg1 Rxe6 39. dxe6 Qxg5+ 40. Kf2 Qg2+ 41. Ke3 Bc5+ 42. Ke4 f2+ 43. Qf3 Qxh2 44. Qf7+ Kh6 45. Qf4+ Qxf4+ 46. Kxf4 g5+ 47. Kg3 g4 48. Bc4 Kg5 49. Rd5+ Kg6 50. Bd3+ Kh6 51. Rf5 1-0

[Event "Bassano del Grappa Easter op-A 2nd"]
[Site "Bassano del Grappa"]
[Date "2022.04.18"]
[Round "8"]
[White "Comellas Blanchart, Jordi"]
[Black "Bachi, Jacopo"]
[Result "1/2-1/2"]
[WhiteElo "2002"]
[BlackElo "1671"]
[PlyCount "71"]
[EventDate "2022.04.14"]
[EventType "swiss"]
[EventRounds "9"]
[EventCountry "ITA"]
[SourceTitle "EXT 2024"]
[Source "ChessBase"]
[SourceDate "2023.10.10"]
[SourceVersion "1"]
[SourceVersionDate "2023.10.10"]
[SourceQuality "1"]

1. d4 Nf6 2. c4 e6 3. Nf3 Bb4+ 4. Bd2 Qe7 5. Nc3 b6 6. g3 Bb7 7. Bg2 0-0 8. 0-0 d6 9. Qc2 Nbd7 10. Rfd1 Rfe8 11. d5 exd5 12. Nxd5 Nxd5 13. cxd5 Bxd2 14. Rxd2 Nf6 15. Ne1 Qd7 16. Rc1 Re7 17. e3 Rc8 18. Rd4 a5 19. Nd3 Qb5 20. a4 Qd7 21. Nf4 Ba6 22. h4 Rce8 23. b4 axb4 24. Rxb4 Ra8 25. Ra1 Qd8 26. a5 bxa5 27. Rxa5 Bb7 28. Ra2 Rxa2 29. Qxa2 Bc8 30. Rb8 Nd7 31. Rb1 Nc5 32. Qc4 Re8 33. Rb8 Qe7 34. Qb5 Bd7 35. Qb2 Qf8 36. Rxe8 1/2-1/2

[Event "Bassano del Grappa Easter op-A 2nd"]
[Site "Bassano del Grappa"]
[Date "2022.04.15"]
[Round "4"]
[White "Comellas Blanchart, Jordi"]
[Black "Bajorski, Marius"]
[Result "0-1"]
[WhiteElo "2002"]
[BlackElo "1857"]
[PlyCount "70"]
[EventDate "2022.04.14"]
[EventType "swiss"]
[EventRounds "9"]
[EventCountry "ITA"]
[SourceTitle "EXT 2024"]
[Source "ChessBase"]
[SourceDate "2023.10.10"]
[SourceVersion "1"]
[SourceVersionDate "2023.10.10"]
[SourceQuality "1"]

1. d4 d5 2. c4 e6 3. Nf3 Nf6 4. Nc3 Be7 5. Bf4 c6 6. e3 0-0 7. Be2 c5 8. dxc5 Na6 9. 0-0 Nxc5 10. Ne5 Nfe4 11. Qc2 f6 12. Nf3 e5 13. Bg3 Bf5 14. Qd1 Nxc3 15. bxc3 dxc4 16. Bxc4+ Kh8 17. Qe2 Rc8 18. Rfd1 Qa5 19. Nh4 Be4 20. f3 Bc6 21. Nf5 Rc7 22. Be1 Rfc8 23. Bf7 Bf8 24. c4 Qa6 25. Bd5 Bxd5 26. Rxd5 Ne6 27. Rad1 Qxc4 28. Qf2 Qc2 29. e4 Bc5 30. Ne3 Bxe3 31. Qxe3 Qxa2 32. Ra5 Qc2 33. Rd2 Qb1 34. Rxa7 Rc1 35. Kf2 Nd4 0-1

[Event "Catalunya-chT Gp2"]
[Site "Barcelona"]
[Date "2022.03.19"]
[Round "9.8"]
[White "Martinez Ramirez, Erik"]
[Black "Comellas Blanchart, Jordi"]
[Result "0-1"]
[WhiteElo "2183"]
[BlackElo "2045"]
[PlyCount "120"]
[EventDate "2022.01.22"]
[EventType "team-tourn"]
[EventRounds "9"]
[EventCountry "ESP"]
[SourceTitle "CBM 208 Extra"]
[Source "ChessBase"]
[SourceDate "2022.07.31"]
[SourceVersion "1"]
[SourceVersionDate "2022.07.31"]
[SourceQuality "1"]
[WhiteTeam "Barbera"]
[BlackTeam "Tres Peons"]
[WhiteTeamCountry "ESP"]
[BlackTeamCountry "ESP"]

1. e4 c5 2. Nf3 d6 3. d4 cxd4 4. Nxd4 Nf6 5. Nc3 Nc6 6. Be3 Ng4 7. Bb5 Nxe3 8. fxe3 Bd7 9. 0-0 e6 10. Bxc6 bxc6 11. Qf3 Qf6 12. Qe2 Qg5 13. Rf3 Be7 14. Rg3 Qh6 15. Rh3 Qg5 16. Rg3 Qh6 17. e5 dxe5 18. Rh3 Qg6 19. Nf3 f6 20. Rg3 Qh6 21. Qd3 g6 22. Ne4 Rd8 23. Qc3 0-0 24. Nc5 Bc8 25. e4 Rf7 26. Nb3 Bf8 27. Qxc6 Qe3+ 28. Kh1 Rfd7 29. Ne1 Qb6 30. Qxb6 axb6 31. Rd3 Ba6 32. Rxd7 Rxd7 33. Nf3 Bb7 34. Re1 g5 35. h3 h5 36. g4 hxg4 37. hxg4 f5 38. Nxg5 Rg7 39. Nxe6 Rxg4 40. Nd2 Bh6 41. Re2 fxe4 42. Kh2 e3 43. Nf1 Bf3 44. Rxe3 Bxe3 45. Nxe3 Re4 46. Nf1 Re2+ 47. Kg3 Bd5 48. Nc7 Bxa2 49. b3 Rxc2 50. Nd5 Bxb3 51. Nxb6 Rc7 52. Ne3 Kf7 53. Nbd5 Bxd5 54. Nxd5 Rb7 55. Kf3 Ke6 56. Ke4 Ra7 57. Nb6 Rh7 58. Nc4 Rh4+ 59. Kd3 Rd4+ 60. Kc3 Kf5 0-1

[Event "Cattolica Vergani Cup"]
[Site "Cattolica"]
[Date "2021.12.27"]
[Round "2"]
[White "Bhambure, Shantanu"]
[Black "Comellas Blanchart, Jordi"]
[Result "1-0"]
[WhiteElo "2377"]
[BlackElo "2044"]
[PlyCount "127"]
[EventDate "2021.12.26"]
[EventType "swiss"]
[EventRounds "9"]
[EventCountry "ITA"]
[SourceTitle "EXT 2023"]
[Source "ChessBase"]
[SourceDate "2022.10.05"]
[SourceVersion "1"]
[SourceVersionDate "2022.10.05"]
[SourceQuality "1"]

1. d4 d5 2. c4 c6 3. Nf3 Nf6 4. Nc3 e6 5. Bg5 Nbd7 6. e3 Qa5 7. Nd2 Bb4 8. Qc2 dxc4 9. Bxf6 Nxf6 10. Nxc4 Qc7 11. Be2 b6 12. 0-0 0-0 13. Rac1 Bb7 14. Bf3 Rac8 15. a3 Be7 16. b4 Rfd8 17. Qb3 Ba6 18. Rfd1 c5 19. b5 Bb7 20. Bxb7 Qxb7 21. Ne5 cxd4 22. exd4 Bf8 23. Nc6 Rd7 24. d5 exd5 25. Nxd5 Nxd5 26. Rxd5 Rxd5 27. Qxd5 Re8 28. g3 a5 29. Rc3 Qc7 30. Rf3 Bc5 31. a4 Rf8 32. Rd3 g6 33. Kg2 Re8 34. Rf3 Rf8 35. Qc4 Qd6 36. h4 h5 37. Rf4 Kg7 38. Rf3 Kg8 39. Rd3 Qf6 40. Qc2 Re8 41. Rf3 Qd6 42. Qc4 Qe6 43. Nxa5 Qxc4 44. Nxc4 Ra8 45. Ne5 Ra7 46. Rf4 Re7 47. Nd3 Bd6 48. Rd4 Ba3 49. Kf3 Kg7 50. Rc4 Ra7 51. Ke3 Be7 52. Kd2 Bf6 53. Kc2 Rd7 54. Rc6 Bd4 55. Kb3 Kf8 56. Kc4 Ke7 57. Kb3 Ra7 58. f3 Be3 59. Rc4 Bg1 60. Rc1 Bd4 61. Nb4 Rd7 62. Nc6+ Ke8 63. Re1+ Kf8 64. Rd1 1-0

[Event "Cattolica Vergani Cup"]
[Site "Cattolica"]
[Date "2021.12.27"]
[Round "3"]
[White "Comellas Blanchart, Jordi"]
[Black "Maldonado Gonzales, Stefano"]
[Result "1/2-1/2"]
[WhiteElo "2044"]
[BlackElo "1916"]
[PlyCount "91"]
[EventDate "2021.12.26"]
[EventType "swiss"]
[EventRounds "9"]
[EventCountry "ITA"]
[SourceTitle "EXT 2023"]
[Source "ChessBase"]
[SourceDate "2022.10.05"]
[SourceVersion "1"]
[SourceVersionDate "2022.10.05"]
[SourceQuality "1"]

1. d4 Nf6 2. c4 e6 3. Nf3 d5 4. Nc3 c6 5. e3 Nbd7 6. Be2 dxc4 7. a4 Bd6 8. Nd2 e5 9. Nxc4 Bc7 10. b3 exd4 11. Qxd4 c5 12. Nd6+ Bxd6 13. Qxd6 Qe7 14. Nb5 Qxd6 15. Nxd6+ Ke7 16. Nxc8+ Raxc8 17. Bb2 Rc6 18. 0-0-0 Rd6 19. Rxd6 Kxd6 20. Rd1+ Kc7 21. f3 Re8 22. e4 Re7 23. Bc4 Ne8 24. a5 f6 25. Bc3 Nd6 26. Bd5 Nb5 27. Be1 Nd4 28. Kb2 Nc6 29. Bc3 b6 30. axb6+ Nxb6 31. Bxc6 Kxc6 32. Rc1 Kb5 33. Ra1 Rd7 34. Kc2 c4 35. Ra5+ Kc6 36. b4 Rd3 37. Rc5+ Kb7 38. Rxc4 Rxf3 39. gxf3 Nxc4 40. Kd3 Nb6 41. h4 Kc6 42. h5 Nd7 43. Kc4 a6 44. f4 g6 45. hxg6 hxg6 46. Bd4 1/2-1/2

[Event "Barcelona Segura Memorial 1st"]
[Site "Barcelona"]
[Date "2021.11.17"]
[Round "8"]
[White "Castillo Dalmau, Albert"]
[Black "Comellas Blanchart, Jordi"]
[Result "1/2-1/2"]
[WhiteElo "2203"]
[BlackElo "2044"]
[PlyCount "145"]
[EventDate "2021.09.29"]
[EventType "swiss"]
[EventRounds "9"]
[EventCountry "ESP"]
[SourceTitle "EXT 2023"]
[Source "ChessBase"]
[SourceDate "2022.10.05"]
[SourceVersion "1"]
[SourceVersionDate "2022.10.05"]
[SourceQuality "1"]

1. b3 d5 2. Bb2 Bf5 3. d3 e6 4. Nd2 Nf6 5. g3 h6 6. Bg2 Be7 7. e4 Bh7 8. Nh3 a5 9. a4 Na6 10. 0-0 0-0 11. Nf4 c6 12. Qe2 Nb4 13. e5 Nd7 14. c3 Na6 15. h4 Rb8 16. c4 Nb4 17. d4 c5 18. cxd5 exd5 19. e6 Nf6 20. dxc5 Bxc5 21. Rac1 Bd6 22. exf7+ Rxf7 23. Bxf6 Rxf6 24. Nxd5 Nxd5 25. Bxd5+ Kh8 26. Ne4 Rf8 27. Nxd6 Qxd6 28. Bc4 Rbe8 29. Qd1 Qf6 30. Qg4 Re4 31. Qh3 Re7 32. Rcd1 Bf5 33. Qh2 Be4 34. Bd5 Qf3 35. Rde1 Rfe8 36. Bxe4 Rxe4 37. Rxe4 Rxe4 38. Qh3 Rb4 39. Qc8+ Kh7 40. Qc2+ Qe4 41. Qc3 Qd4 42. Rc1 Qxc3 43. Rxc3 b5 44. axb5 Rxb5 45. Kg2 h5 46. Re3 Rb4 47. Kf3 a4 48. bxa4 Rxa4 49. Re4 Ra2 50. Ke3 Rb2 51. Re6 Ra2 52. Re5 Kh6 53. Rf5 Ra3+ 54. Ke4 Ra4+ 55. Ke5 Ra5+ 56. Ke6 Ra6+ 57. Kf7 Ra7+ 58. Kg8 Ra8+ 59. Rf8 Ra2 60. Rb8 Ra6 61. f4 g6 62. Re8 Rb6 63. Re7 Rb8+ 64. Kf7 Kh7 65. Re6 Rb3 66. Kf6 Rxg3 67. Re7+ Kh6 68. Kf7 Kh7 69. Kf8+ Kh8 70. Rg7 Rg4 71. Rg8+ Kh7 72. Rg7+ Kh8 73. Rg8+ 1/2-1/2